A.E.R.E. ED/R.

Bibliographic Details
Uniform Title:A.E.R.E. ED/R (Series)
Corporate Authors: Atomic Energy Research Establishment (Harwell, England), United Kingdom Atomic Energy Authority. Research Group
Format: Serial
Language:English
Published: Harwell [Eng.] : Atomic Energy Research Establishment.
Subjects:

MARC

Tag First Indicator Second Indicator Subfields
LEADER 00000cas a2200000Ia 4500
001 in00002012575
005 20151031145421.0
008 041204d19uu19uuenkuu m 0 0eng d
035 |a (OCoLC)ocn868026138 
040 |a TXA  |b eng  |c TXA  |d UtOrBLW 
049 |a TXAM 
090 |a TK9001  |b .A334 
130 0 |a A.E.R.E. ED/R (Series) 
245 1 0 |a A.E.R.E. ED/R. 
246 1 |a AERE ED/R 
246 1 |a Atomic Energy Research Establishment ED/R 
264 1 |a Harwell [Eng.] :  |b Atomic Energy Research Establishment. 
300 |a volumes :  |b illustrations ;  |c 28 cm. 
336 |a text  |b txt  |2 rdacontent 
337 |a unmediated  |b n  |2 rdamedia 
338 |a volume  |b nc  |2 rdacarrier 
500 |a Each number has a distinctive title. 
550 |a Issued by: United Kingdom Atomic Energy Authority, Research Group. 
588 |a Description based on: 1590 published in 1958; title from title page. 
588 |a Latest issue consulted: 2486 published in 1959. 
650 0 |a Nuclear energy. 
710 2 |a Atomic Energy Research Establishment (Harwell, England) 
710 2 |a United Kingdom Atomic Energy Authority.  |b Research Group. 
994 |a C0  |b TXA 
948 |a cataloged  |b h  |c 2014/1/13  |d o  |e coplinger  |f 11:32:38 am 
999 |a MARS 
999 f f |s c7dbf777-af3c-319a-9649-c5c8c87969f5  |i 1674753a-538e-3730-877d-12f90a48b2b8  |t 0 
952 f f |p ric  |a Texas A&M University  |b Rellis Campus  |c Joint Library Facility  |d Remote Storage  |t 0  |e TK9001 .A334  |h Library of Congress classification  |i unmediated -- volume  |k [no.]1590,1882,2486  |m A14842170723 
998 f f |a TK9001 .A334  |s [no.]1590,1882,2486  |t 0  |l Remote Storage